000 00664nam a2200181Ia 4500
008 090630s9999 xx 000 0 und d
082 _b16072
100 _aरावजी आशु - कानडे दिनू.
245 _aरंजनशेट.
_cरावजी आशु - कानडे दिनू.
260 _bडॉल्फीन - गोवा.
300 _a194
600 _aरावजी आशु - कानडे दिनू.
630 _aरंजनशेट.
655 _aकादंबरी.
700 _aरावजी आशु - कानडे दिनू.
730 _aरंजनशेट.
942 _cBOOK
999 _c267928
_d267928